Japanese for everyone : (Record no. 2762)

000 -LEADER
fixed length control field nam a22 a 4500
003 - CONTROL NUMBER IDENTIFIER
control field AKMAL
005 - DATE AND TIME OF LATEST TRANSACTION
control field 20170517162451.0
008 - FIXED-LENGTH DATA ELEMENTS--GENERAL INFORMATION
fixed length control field 17 s1992 my 00 eng d
020 ## - INTERNATIONAL STANDARD BOOK NUMBER
International Standard Book Number 9679780740 (pbk.):
Terms of availability RM 19.90
082 04 - DEWEY DECIMAL CLASSIFICATION NUMBER
Classification number 495.63 RAJ
090 00 - LOCALLY ASSIGNED LC-TYPE CALL NUMBER (OCLC); LOCAL CALL NUMBER (RLIN)
Classification number (OCLC) (R) ; Classification number, CALL (RLIN) (NR) 495.63
Local cutter number (OCLC) ; Book number/undivided call number, CALL (RLIN) RAJ
100 1# - MAIN ENTRY--PERSONAL NAME
Personal name Rajendran, M.
9 (RLIN) 3146
245 10 - TITLE STATEMENT
Title Japanese for everyone :
Remainder of title japanese grammar & conversation in 90 days /
Statement of responsibility, etc. M. Rajendran
260 ## - PUBLICATION, DISTRIBUTION, ETC.
Place of publication, distribution, etc. Petaling Jaya :
Name of publisher, distributor, etc. Pelanduk Publications,
Date of publication, distribution, etc. 1992
300 00 - PHYSICAL DESCRIPTION
Extent xvi, 221p. ;
Dimensions 22cm
500 ## - GENERAL NOTE
General note Malay, English and Japanese text
650 #0 - SUBJECT ADDED ENTRY--TOPICAL TERM
Topical term or geographic name entry element Japanese language
General subdivision Grammar
9 (RLIN) 5826
650 #0 - SUBJECT ADDED ENTRY--TOPICAL TERM
Topical term or geographic name entry element Japanese language
Form subdivision Conversation and phrase books
General subdivision Malay
9 (RLIN) 5827
650 #0 - SUBJECT ADDED ENTRY--TOPICAL TERM
Topical term or geographic name entry element Japanese language
Form subdivision Conversation and phrase books
General subdivision English
9 (RLIN) 5828
942 ## - ADDED ENTRY ELEMENTS (KOHA)
Source of classification or shelving scheme
Koha item type Book
Holdings
Withdrawn status Lost status Source of classification or shelving scheme Damaged status Not for loan Collection code Home library Current library Shelving location Date acquired Inventory number Total Checkouts Full call number Barcode Date last seen Price effective from Koha item type
          NON-FICTION AKMAL Melaka AKMAL Melaka PINJAMAN 17.05.2017 400343   495.63 RAJ 201703266 17.05.2017 17.05.2017 Book
Pusat Sumber Maklumat Dato' Haji Sarmin Md Hussin, Akademi Kastam Diraja Malaysia, Melaka
Tel: 06-2331106 | Faks: 06-2313787